000 00711nam a22002297a 4500
003 BPGM
005 20260702210228.0
008 260702b mx ||||| |||| 00| 0 spa d
020 _a978-968-03-0363-2
040 _aBPGM
_bspa
082 0 4 _aPTM-CQ / 972
_bT53
100 _aVIRAMONTES ANZURES, CARLOS
245 _aTIEMPO Y REGION
_bESTUDIOS HISTORICOS Y SOCIALES
300 _a447 páginas ;
_c21.5 cm x 13.8 cm
336 _2rdacontent
_atexto
_btxt
337 _2rdamedia
_asin mediación
_bn
338 _2rdacarrier
_avolumen
_bnc
650 _aGEOGRAFÍA E HISTORIA
650 _aHISTORIA GENERAL DE AMÉRICA DEL NORTE
650 _aMESOAMÉRICA (AMÉRICA MEDIA) MÉXICO
942 _2ddc
_cCOLQ
999 _c68743
_d68743